00804nam a2200205 i 450000100060000000300090000600500170001500700030003200800410003510000270007624501520010325000250025526000440028030000340032470000350035870000350039385200320042899900170046095201210047720845ES-MaACL20230906152356.0t|021119s1955 sp ||||1| spa d1 aAlamilla, J. R.91910010aMales de los pies b: manual práctico del callista / cpor J.R. Alamilla ; prólogo de Mariano Gómez-Ulla ; epílogo de Jaime Peyri Rocamora. a2ª ed. corr. y aum. aMadrid : bParaninfo, c1955 (fC.Y.S.) aXV, 400 p. : bil. ; c21 cm.1 aGómez-Ulla, Mariano.91943041 aPeyri Rocamora, Jaime.9198161 aES-MaACLjC-10354 bR.38443 c20845d20845 00104070aATENEOMbATENEOMcSPALd2008-01-17eSCl0oC-10354p1021407r2023-02-23 00:00:00w2023-02-23yMONOGRAFIA